00377nam a2200157 a 45000010005000000030009000050080041000140400028000550820017000831000034001002450015001342500008001492600030001573000010001876500022001971852CO-ViMGA141112s2004 ck r 000 u spa d aCO-ViMGAbspacCO-ViMGA04a863.3 C378et1 aCervantes Saavedra, Miguel de10aEntremeses a10a aMexico : bPorrua, c1994 a192 p14aNOVELA ESPAÑOLA